Animals by eye - Statistics

General Stats
  • This quiz has been taken 108 times
  • The average score is 10 of 12
Answer Stats
Picture Answer % Correct
Snake
99%
Frog
96%
Owl
96%
Crocodile
92%
Elephant
91%
Hippo
91%
Mouse
88%
Fish
82%
Goat
78%
Pig
74%
Squid
62%
Falcon
49%
No matching quizzes found
Score Distribution
Percent of People with Each Score
Percentile by Number Answered
Your Score History
You have not taken this quiz